Normal view
MARC view
Entry Geographic Name
001 - CONTROL NUMBER
- control field: 8885
003 - CONTROL NUMBER IDENTIFIER
- control field: ARRUPE
005 - DATE AND TIME OF LATEST TRANSACTION
- control field: 20140221143628.0
008 - FIXED-LENGTH DATA ELEMENTS
- fixed length control field: 140221|| aca||aabn | a|a d
040 ## - CATALOGING SOURCE
- Original cataloging agency: ARRUPE
- Transcribing agency: ARRUPE
151 ## - HEADING--GEOGRAPHIC NAME
- Geographic name: Zimbabwe
- General subdivision: Race relations.
670 ## - SOURCE DATA FOUND
- Source citation: Work cat.: (ARRUPE)0: Reed, Douglas, 1895-1976. 8884, Insanity fair '67., 1967.